Dear Dr. Bell-- your friend, Helen Keller / (Record no. 1934)
[ view plain ]
| 000 -LEADER | |
|---|---|
| fixed length control field | 01589cam a2200409 a 4500 |
| 001 - CONTROL NUMBER | |
| control field | 1934 |
| 003 - CONTROL NUMBER IDENTIFIER | |
| control field | FISKH |
| 005 - DATE AND TIME OF LATEST TRANSACTION | |
| control field | 20250307133058.0 |
| 008 - FIXED-LENGTH DATA ELEMENTS--GENERAL INFORMATION | |
| fixed length control field | 930121s1993 nyua j b 001 0 eng |
| 010 ## - LIBRARY OF CONGRESS CONTROL NUMBER | |
| LC control number | 93009304 |
| 020 ## - INTERNATIONAL STANDARD BOOK NUMBER | |
| International Standard Book Number | 9780688128142 |
| 020 ## - INTERNATIONAL STANDARD BOOK NUMBER | |
| International Standard Book Number | 0590486780 |
| 040 ## - CATALOGING SOURCE | |
| Original cataloging agency | DLC |
| Transcribing agency | DLC |
| Modifying agency | DLC |
| Language of cataloging | eng |
| 042 ## - AUTHENTICATION CODE | |
| Authentication code | lcac |
| 043 ## - GEOGRAPHIC AREA CODE | |
| Geographic area code | n-us--- |
| 050 00 - LIBRARY OF CONGRESS CALL NUMBER | |
| Classification number | HV1624.K4 |
| Item number | S7 1993 |
| 082 00 - DEWEY DECIMAL CLASSIFICATION NUMBER | |
| Classification number | 362.4/1/092 |
| -- | B |
| Edition number | 20 |
| 100 2# - MAIN ENTRY--PERSONAL NAME | |
| Personal name | St. George, Judith, |
| Dates associated with a name | 1931- |
| 245 10 - TITLE STATEMENT | |
| Title | Dear Dr. Bell-- your friend, Helen Keller / |
| Remainder of title | Judith St. George ; illustrated with photographs. |
| 260 ## - PUBLICATION, DISTRIBUTION, ETC. | |
| Place of publication, distribution, etc. | New York : |
| Name of publisher, distributor, etc. | Scholastic, |
| Date of publication, distribution, etc. | 1993. |
| 300 ## - PHYSICAL DESCRIPTION | |
| Extent | 95 pages : |
| Other physical details | illustrations ; |
| Dimensions | 20 cm. |
| 520 ## - SUMMARY, ETC. | |
| Summary, etc. | Follows the parallel lives of Helen Keller and Alexander Graham Bell, who continued to encounter and support each other from that eventful meeting when he recommended she be given a teacher and thus led her to Annie Sullivan. |
| 521 8# - TARGET AUDIENCE NOTE | |
| Target audience note | 1180<br/> |
| Source | Lexile <br/> |
| 600 10 - SUBJECT ADDED ENTRY--PERSONAL NAME | |
| Personal name | Keller, Helen, |
| Dates associated with a name | 1880-1968 |
| General subdivision | Friends and associates |
| Form subdivision | Juvenile literature. |
| 600 10 - SUBJECT ADDED ENTRY--PERSONAL NAME | |
| Personal name | Bell, Alexander Graham, |
| Dates associated with a name | 1847-1922 |
| General subdivision | Friends and associates |
| Form subdivision | Juvenile literature. |
| 600 11 - SUBJECT ADDED ENTRY--PERSONAL NAME | |
| Personal name | Keller, Helen, |
| Dates associated with a name | 1880-1968. |
| 600 11 - SUBJECT ADDED ENTRY--PERSONAL NAME | |
| Personal name | Bell, Alexander Graham, |
| Dates associated with a name | 1847-1922. |
| 650 #0 - SUBJECT ADDED ENTRY--TOPICAL TERM | |
| Topical term or geographic name entry element | Deafblind women |
| Geographic subdivision | United States |
| Form subdivision | Biography |
| -- | Juvenile literature. |
| 650 #1 - SUBJECT ADDED ENTRY--TOPICAL TERM | |
| Topical term or geographic name entry element | Blind. |
| 650 #1 - SUBJECT ADDED ENTRY--TOPICAL TERM | |
| Topical term or geographic name entry element | Deaf. |
| 650 #1 - SUBJECT ADDED ENTRY--TOPICAL TERM | |
| Topical term or geographic name entry element | People with disabilities. |
| 650 #1 - SUBJECT ADDED ENTRY--TOPICAL TERM | |
| Topical term or geographic name entry element | Women |
| Form subdivision | Biography. |
| 650 #1 - SUBJECT ADDED ENTRY--TOPICAL TERM | |
| Topical term or geographic name entry element | Inventors. |
| 740 0# - ADDED ENTRY--UNCONTROLLED RELATED/ANALYTICAL TITLE | |
| Uncontrolled related/analytical title | Dear Doctor Bell-- your friend, Helen Keller. |
| 906 ## - LOCAL DATA ELEMENT F, LDF (RLIN) | |
| a | 7 |
| b | cbc |
| c | orignew |
| d | 1 |
| e | ocip |
| f | 19 |
| g | y-gencatlg |
| 942 ## - ADDED ENTRY ELEMENTS (KOHA) | |
| Source of classification or shelving scheme | Dewey Decimal Classification |
| Koha item type | Books |
| Suppress in OPAC | No |
| Withdrawn status | Lost status | Source of classification or shelving scheme | Damaged status | Not for loan | Collection | Home library | Current library | Shelving location | Date acquired | Total Checkouts | Full call number | Barcode | Date last seen | Price effective from | Koha item type | Date last checked out | Copy number |
|---|---|---|---|---|---|---|---|---|---|---|---|---|---|---|---|---|---|
| Dewey Decimal Classification | Non-Fiction | Footprints International School Library Network Toul Kork Campus | Footprints International School Library Network Toul Kork Campus | 10/19/2023 | GEO 362.4 HV1624.K4 | FISTK04861 | 10/19/2023 | 10/19/2023 | Books | ||||||||
| Dewey Decimal Classification | Non-Fiction | Footprints International School Library Network Toul Tom Poung Campus | Footprints International School Library Network Toul Tom Poung Campus | TTP Secondary Non-Fiction Bookshelves | 03/06/2025 | 2 | GEO 362.4 HV1624.K4 | 2025-0742 | 03/31/2026 | 03/06/2025 | Books | 03/02/2026 | 2 |
